नेपालमा जातीय भेदभाव तथा छुवाछूतः अन्तरपुस्ता अनुभूति र विश्लेषण / (Record no. 113520)
[ view plain ]
| 000 -LEADER | |
|---|---|
| fixed length control field | 00873nam a22001937a 4500 |
| 008 - FIXED-LENGTH DATA ELEMENTS--GENERAL INFORMATION | |
| fixed length control field | 240527b |||||||| |||| 00| 0 eng d |
| 020 ## - INTERNATIONAL STANDARD BOOK NUMBER | |
| International Standard Book Number | 9789937946971 |
| 082 ## - DEWEY DECIMAL CLASSIFICATION NUMBER | |
| Classification number | N177.5 |
| Item number | N726n |
| 100 ## - MAIN ENTRY--PERSONAL NAME | |
| Personal name | Nepali, Gopal |
| 241 ## - ROMANIZED TITLE (BK AM CF MP MU VM) | |
| Romanized title | Nepalma jatiya bhedbhav tatha chhuwachhoot: antarpustaa anubhooti ra vishleshan |
| 245 ## - TITLE STATEMENT | |
| Title | नेपालमा जातीय भेदभाव तथा छुवाछूतः अन्तरपुस्ता अनुभूति र विश्लेषण / |
| Statement of responsibility, etc. | गोपाल नेपाली, उज्ज्वल सुन्दास र अर्जुन विश्वकर्मा. |
| 260 ## - PUBLICATION, DISTRIBUTION, ETC. | |
| Place of publication, distribution, etc. | Lalitpur: |
| Name of publisher, distributor, etc. | Samata Foundation, |
| Date of publication, distribution, etc. | 2080. |
| 300 ## - PHYSICAL DESCRIPTION | |
| Extent | 155p.; ill. |
| 650 ## - SUBJECT ADDED ENTRY--TOPICAL TERM | |
| Topical term or geographic name entry element | Discriminations |
| 9 (RLIN) | 9420 |
| 650 ## - SUBJECT ADDED ENTRY--TOPICAL TERM | |
| Topical term or geographic name entry element | भेदभाव |
| 700 ## - ADDED ENTRY--PERSONAL NAME | |
| Personal name | Sundas, Ujjwal |
| 700 ## - ADDED ENTRY--PERSONAL NAME | |
| Personal name | Bishwakarma, Arjun |
| 942 ## - ADDED ENTRY ELEMENTS (KOHA) | |
| Source of classification or shelving scheme | Dewey Decimal Classification |
| Koha item type | ISBN |
| Withdrawn status | Lost status | Source of classification or shelving scheme | Damaged status | Not for loan | Home library | Current library | Date acquired | Total Checkouts | Full call number | Barcode | Date last seen | Price effective from | Koha item type |
|---|---|---|---|---|---|---|---|---|---|---|---|---|---|
| Dewey Decimal Classification | Tribhuvan University Central Library | Tribhuvan University Central Library | 05/27/2024 | N177.5 N726n | IS31196 | 05/27/2024 | 05/27/2024 | ISBN | |||||
| Dewey Decimal Classification | Tribhuvan University Central Library | Tribhuvan University Central Library | 05/27/2024 | N177.5 N726n | IS31197 | 05/27/2024 | 05/27/2024 | ISBN |
